|
|
|
|
| LEADER |
00000nab a2200000 a 4500 |
| 001 |
vtls000720617 |
| 003 |
SK-MaSNL |
| 005 |
20260302195105.0 |
| 008 |
160324c2000 xo 0 slo |
| 015 |
|
|
|a SNBRB2000/05-13426
|
| 035 |
|
|
|a CLN000072784
|
| 040 |
|
|
|a SNKBUCL
|b slo
|c SNKBUCL
|e AACR2
|
| 041 |
0 |
|
|a slo
|
| 044 |
|
|
|a xo
|c SK
|
| 080 |
|
|
|a 336.712(437.1/.2:437.6):339.1
|2 1997
|
| 100 |
1 |
|
|a Onuferová, Marianna
|4 aut
|9 838836
|
| 245 |
1 |
0 |
|a Nové smerovanie banky
|b ČSOB je kapitálovo najsilnejšia banka v oboch republikách
|c Marianna Onuferová
|
| 610 |
|
7 |
|a Československá obchodná banka
|2 snkbucl
|9 861096
|
| 655 |
|
7 |
|a články z novín a časopisov
|2 snkbucl
|9 267496
|
| 773 |
0 |
|
|t Profit
|g Roč. 8, č. 6 (2000), s. 30-31
|
| 850 |
|
|
|a Slovenská národná knižnica v Martine
|
| 852 |
|
|
|a SNK
|b KIS3GCP
|
| 958 |
|
|
|a SK
|
| 958 |
|
|
|a CZ
|
| 958 |
|
|
|a RBX
|
| 999 |
|
|
|c 1451262
|d 1453192
|